Statistiques concernant Les instruments de musique dans le titre des films

Cliquez ici pour prendre le quiz!

Statistiques générales

  • Ce quiz a été pris 215 fois
  • Le résultat moyen est 6 sur 11

Statistiques - réponses

TitreMot% Correct
La ... enchantéeflûte
99%
La leçon de ...piano
97%
Les ... du balviolons
82%
Johnnyguitare
80%
Le crabe ...tambour
67%
La ... de Birmanieharpe
43%
Amours, délices et ...orgues
30%
L'assassin jouait du ...trombone
30%
Quand le ... sonneraclairon
24%
Chewing-gum et ....cornemuse
12%
Oublie-moi, ...mandoline
6%

Distribution des résultats

Percentile par nombre de réponses

% des personnes avec chaque résultat

Votre développement - résultats

Vous n’avez pas pris ce quiz